书目信息 |
| 题名: |
美学旧作集
|
|
| 作者: | 李泽厚 著 | |
| 分册: | ||
| 出版信息: | 天津 天津社会科学院出版社 2002 |
|
| 页数: | 472页 | |
| 开本: | 20cm | |
| 丛书名: | ||
| 单 册: | ||
| 中图分类: | B83-53 | |
| 科图分类: | ||
| 主题词: | 美学--文集 | |
| 电子资源: | ||
| ISBN: | 7-80563-947-7 | |
| 000 | 00528nam0 2200193 45 | |
| 001 | 0406011091 | |
| 005 | 20040601100725.3 | |
| 010 | @a7-80563-947-7@dCNY32.00 | |
| 100 | @a20040601d2002 km y0chiy0120 ea | |
| 101 | 0 | @achi |
| 105 | @a z 000yy | |
| 200 | 1 | @a美学旧作集@AMei Xue Jiu Zuo Ji@f李泽厚著@FLi Ze Hou Zhu |
| 210 | @a天津@c天津社会科学院出版社@d2002 | |
| 215 | @a472页@d20cm | |
| 606 | 0 | @a美学@x文集 |
| 690 | @aB83-53@v4 | |
| 701 | 0 | @a李泽厚@4著 |
| 801 | @aCN@bTSTC@c20040601 | |
| 905 | @b334092-096@dB83-53@e182@f5 | |
| 美学旧作集/李泽厚著.-天津:天津社会科学院出版社,2002 |
| 472页;20cm |
| ISBN 7-80563-947-7:CNY32.00 |
| ● |
| 相关链接 |
|
|
|
|
正题名:美学旧作集
索取号:B83-53/182
 
预约/预借
| 序号 | 登录号 | 条形码 | 馆藏地/架位号 | 状态 | 备注 |
| 1 | 0334092 | 203340928 | 第一借阅区/ [索取号:B83-53/182] | 在馆 | |
| 2 | 0334093 | 203340937 | 第一借阅区/ [索取号:B83-53/182] | 在馆 | |
| 3 | 0334094 | 203340946 | 第一借阅区/ [索取号:B83-53/182] | 在馆 | |
| 4 | 0334095 | 203340955 | 第一借阅区/ [索取号:B83-53/182] | 在馆 | |
| 5 | 0334096 | 203340964 | 第一样本阅览室/ [索取号:B83-53/182] | 在馆 |